Who can afford retirement housing? (Record no. 114647)

MARC details
000 -LEADER
fixed length control field 00696cad a22001815a 4500
001 - CONTROL NUMBER
control field L157199
008 - FIXED-LENGTH DATA ELEMENTS--GENERAL INFORMATION
fixed length control field 120918s2012 xxk f 000 0 eng d
035 ## - SYSTEM CONTROL NUMBER
System control number (Sirsi) u157199
041 0# - LANGUAGE CODE
Language code of text/sound track or separate title eng
245 00 - TITLE STATEMENT
Title Who can afford retirement housing?
Medium [electronic resource]
260 ## - PUBLICATION, DISTRIBUTION, ETC.
Place of publication, distribution, etc. London
Name of publisher, distributor, etc. JRF
Date of publication, distribution, etc. 2012
520 ## - SUMMARY, ETC.
Summary, etc. Discusses the affordability of retirement homes, taking factors such as income, price and government policies into consideration.
590 ## - LOCAL NOTE (RLIN)
Local note KA
651 #4 - SUBJECT ADDED ENTRY--GEOGRAPHIC NAME
Geographic name United Kingdom
Chronological subdivision
700 1# - ADDED ENTRY--PERSONAL NAME
Personal name Age UK
856 40 - ELECTRONIC LOCATION AND ACCESS
Uniform Resource Identifier <a href="https://www.jrf.org.uk/sites/files/jrf/retirement-housing-affordability-summary.pdf">https://www.jrf.org.uk/sites/files/jrf/retirement-housing-affordability-summary.pdf</a>
Public note View the item free of charge from the www.www.jrf.org.uk website
942 ## - ADDED ENTRY ELEMENTS (KOHA)
Suppress in OPAC 0
Holdings
Withdrawn status Lost status Source of classification or shelving scheme Damaged status Not for loan Home library Current library Shelving location Date acquired Total Checkouts Full call number Barcode Date last seen Copy number Price effective from Koha item type
    Dewey Decimal Classification     Virtual Virtual Online 18/09/2012   ONLINE PUBLICATION 157199-2001 06/08/2019 1 06/08/2019 Book